| 000 | 00813nam a2200133Ia 4500 | ||
|---|---|---|---|
| 008 | 220615s9999||||xx |||||||||||||| ||und|| | ||
| 022 | _a16648714 | ||
| 100 | _aManoj Kumar Jaiswal | ||
| 245 | 4 | _aThe Role of Mitochondria, Oxidative Stress and Altered Calcium Homeostasis in Amyotrophic Lateral Sclerosis: From Current Developments in the Laboratory to Clinical Treatments | |
| 546 | _aEnglish[eng] | ||
| 650 | _aMitochondria||neurodegenerative disease||Ca2+ signaling||multidrug therapy||Amyotrophic lateral sclerosis (ALS)||Superoxide dismutase 1 (SOD1)||Motor neuron disease (MND)||excitotoxicity||Riluzole||multifactorial disease | ||
| 856 | _uhttp://journal.frontiersin.org/researchtopic/1909/the-role-of-mitochondria-oxidative-stress-and-altered-calcium-homeostasis-in-amyotrophic-lateral-scl | ||
| 942 | _cEB | ||
| 999 |
_c17183 _d17183 |
||